Welcome, Holy Spirit / (Record no. 6239)

MARC details
000 -LEADER
fixed length control field 00773cam a2200265 a 4500
001 - CONTROL NUMBER
control field 30738134
003 - CONTROL NUMBER IDENTIFIER
control field OCoLC
005 - DATE AND TIME OF LATEST TRANSACTION
control field 20190116121935.0
008 - FIXED-LENGTH DATA ELEMENTS--GENERAL INFORMATION
fixed length control field 940621s1994 mdu 001 0 eng
010 ## - LIBRARY OF CONGRESS CONTROL NUMBER
LC control number 94022331
020 ## - INTERNATIONAL STANDARD BOOK NUMBER
International Standard Book Number 0828008523
040 ## - CATALOGING SOURCE
Original cataloging agency DLC
Transcribing agency DLC
050 00 - LIBRARY OF CONGRESS CALL NUMBER
Classification number BT121.2
Item number .W544 1994
082 00 - DEWEY DECIMAL CLASSIFICATION NUMBER
Classification number 231.3
Edition number 20
Item number W721W
100 1# - MAIN ENTRY--PERSONAL NAME
Personal name Williams, Garrie F.,
Dates associated with a name 1940-
245 10 - TITLE STATEMENT
Title Welcome, Holy Spirit /
Statement of responsibility, etc. Garrie F. Williams
260 ## - PUBLICATION, DISTRIBUTION, ETC.
Place of publication, distribution, etc. Hagerstown, MD :
Name of publisher, distributor, etc. Review and Herald,
Date of publication, distribution, etc. c1994
300 ## - PHYSICAL DESCRIPTION
Extent 383 p. ;
Dimensions 21 cm
500 ## - GENERAL NOTE
General note Includes index
650 #0 - SUBJECT ADDED ENTRY--TOPICAL TERM
Topical term or geographic name entry element Holy Spirit
General subdivision Meditations
650 #0 - SUBJECT ADDED ENTRY--TOPICAL TERM
Topical term or geographic name entry element Devotional calendars
General subdivision Seventh-Day Adventists
650 #0 - SUBJECT ADDED ENTRY--TOPICAL TERM
Topical term or geographic name entry element Holy Spirit
General subdivision Biblical teaching
650 #0 - SUBJECT ADDED ENTRY--TOPICAL TERM
Topical term or geographic name entry element Spiritual life
General subdivision Seventh-Day Adventist
942 ## - ADDED ENTRY ELEMENTS (KOHA)
Source of classification or shelving scheme Dewey Decimal Classification
Koha item type Books
Holdings
Withdrawn status Lost status Source of classification or shelving scheme Damaged status Not for loan Collection code Home library Current library Shelving location Date acquired Cost, normal purchase price Total Checkouts Full call number Barcode Date last seen Price effective from Koha item type
    Dewey Decimal Classification     Non-fiction Harvest Mission College Harvest Mission College General Stacks 16.01.2019 2500.00   231.3 W721W 007221 16.01.2019 16.01.2019 Books

OPAC Designed and Maintained by HMC Library Team.
Copyright © HMC Library,Greater Noida, UP.
For any Suggestions/Query Contact library via Email:libhmc@gmail.com